000
00204nam a22000977a 4500
082
_a
823
_b
CHA/M
100
_a
CHANDRASENA, NEDUMGOLAM
245
_a
MOHASALABHANGAL
650
_a
MALAYALAM STORY
942
_c
BK
999
_c
7722
_d
7722